Trading quiz - Statistiken

Allgemein
  • Dieses Quiz wurde 14 mal gespielt
  • Das Durchschnittsergebnis liegt bei 6 aus 15
Antwortstatistiken
Hint Antwort % Korrekt
Abkürzung für EURUSD EU
82%
Strukturbruch BOS
64%
Abkürzung für EURGBP EG
64%
Abkürzung für GBPJPY GJ
64%
Abkürzung für GBPUSD GU
64%
3 Candle Pattern FVG
55%
Liquidität an Tiefpunkten BSL
36%
3 Candle Pattern dass disrespected wird und dabei ein neues 3 Candle Pattern bildet IFVG
36%
Liquidität an Hochpunkten SSL
36%
Anderer Begriff für Strukturbruch MSS
27%
Oberbegriff für Arten von Support Zonen POI
27%
Zone die durchbrochen wird und dadurch als Support dient BB
18%
Begriff für genommene Liquidität LS
18%
Zone die kurz vor einem starken Move liegt OB
18%
Dein Spitzname Tobias Thorstenbrot
18%
Keine übereinstimmenden Quizze gefunden
Verteilung der Resultate
Anzahl Personen mit jedem Resultat
Perzentil nach korrekt beantworteten Fragen
Ihre Resultats-Entwicklung
Sie haben dieses Quiz noch nicht gespielt